Chile: reforma agraria y gobierno popular /
Guardado en:
| Formato: | Libro |
|---|---|
| Publicado: |
Buenos Aires :
Periferia,
1973
|
| Materias: | |
| Etiquetas: |
Agregar Etiqueta
Sin Etiquetas, Sea el primero en etiquetar este registro!
|
| LEADER | 00563nam a22001695a 4500 | ||
|---|---|---|---|
| 001 | EHU.bham044673 | ||
| 003 | AR-BHAM | ||
| 005 | 20170427134852.0 | ||
| 008 | 130507s1973##################000#0#####d | ||
| 082 | 3 | 3 | |a 333.183 |
| 245 | 0 | 0 | |a Chile: reforma agraria y gobierno popular / |c Solon Barraclough ... [et Al.] |
| 260 | |a Buenos Aires : |b Periferia, |c 1973 | ||
| 300 | |a 244 p. | ||
| 653 | |a Reforma agraria chilena | ||
| 653 | |a Política chilena contemporánea | ||
| 653 | |a Economía chilena contemporánea | ||
| 859 | |a AR-BHAM |b BIB. HUMANIDADES - General |h 333.183 |i C349 |p 74.17 |t Ej.1 | ||
